000 00856nmm a2200277 a 4500
001 ocm0001349975
003 TR-IsHL
005 20201028161123.0
008 161016s2016 tu tur
007 cr cn
020 _a9786051831152
035 _a1349975
_b(N$T)
050 0 4 _aPL248.S48
_bS2
090 0 4 _aPL248.S48
_bS2
100 1 _aSevinçgül, Ömer
245 1 0 _aSana yeni bir dünya gerek
_h[electronic resource] /
_cÖmer Sevinçgül
250 _a6. bsk.
260 _aİstanbul :
_bNesil Yayınları,
_c2016
300 _a256 p.
650 4 _aDil ve Edebiyat
650 4 _aLanguage and Literature
650 0 _aTürk denemeleri
650 0 _aTurkish essays
650 7 _aLITERARY COLLECTIONS / Middle Eastern
_2bisacsh
856 4 0 _uhttp://search.ebscohost.com/login.aspx?direct=true&scope=site&db=e011xww&AN=1349975
999 _c13956
_d13956